Quizzes
Events
Quiz Creation
Community
Videos
Private Events
Remove Ads
Sign In
Join for FREE
Feedback
Dark Mode
Quiz Categories
Sports
Geography
Music
Movies
Television
Just For Fun
Miscellaneous
History
Literature
Language
Science
Gaming
Entertainment
Religion
Holiday
For Kids
Quiz Lab
Recent
Popular Today
Quiz Kudos Today
Editor Picks
Curator Picks
Quizzes by...
Day
Popularity
Type
Ratings
Length
Year
Community
Subscriptions
Recent Discussions
Orange Saloon
Badges
Playlists
Quests
Create
Leaderboards
Showdown
Live 5
Trivia Bingo
Activity
Puzzle Library
Sporcle Events
Private Events
Virtual Trivia
Globe League
Become a Host
Pub Owners
SporcleCon
Opinionation
Our Games
Videos
Blog
Mobile Apps
Partnerships
Remove Ads and Go Orange
Feedback
Sports
Athletes
MLB
NBA
NHL
NFL
Soccer
Sports Teams
WWE
NCAA
Football
Premier League
Basketball
Baseball
Hockey
Golf
Tennis
Cricket
Rugby
Auto Racing
Olympics
World Cup
Sports
Athletes
MLB
NBA
NHL
NFL
Soccer
Sports Teams
WWE
NCAA
Football
Premier League
Basketball
Baseball
Hockey
Golf
Tennis
Cricket
Rugby
Auto Racing
Olympics
World Cup
Random Quiz
Search Sporcle
×
Quiz Lab
Quiz Lab
Sports
Football
Type in answers that appear in a list
Type in answers that appear in a list
Classic
Best Score? Go Orange.
UEFA Football League Teams 2011-12 Stats
Can you name the teams belonging to the top football leagues in Europe?
By
WarbieBFC
15m
132 Questions
120 Plays
120 Plays
120 Plays
Comments
Comments
Give Quiz Kudos
Give Quiz Kudos
-
- Ratings
hide this ad
Replay
Link that replays current quiz
Next Quiz
Link to next quiz in quiz playlist
You Got
0%
They Got
Avg Score
53%
Avg Friend Score
Upgrade to see
Score Distribution
Jump to the score distribution portion of the page
Score
0/132
Timer
15:00
0
Plays Today
League
Team
% Correct
English Premier League
Manchester City
95.8%
English Premier League
Manchester United
95.8%
English Premier League
Arsenal
95%
English Premier League
Chelsea
95%
English Premier League
Liverpool
93.3%
English Premier League
Aston Villa
91.7%
Spanish Primera Liga
Barcelona
90%
Spanish Primera Liga
Real Madrid
87.5%
Italian Serie A
Internazionale
87.5%
Italian Serie A
A.C. Milan
86.7%
German Bundesliga
Bayern Munich
86.7%
Italian Serie A
Juventus
85.8%
English Premier League
Everton
85%
English Premier League
Tottenham Hotspur
84.2%
English Premier League
Fulham
83.3%
Spanish Primera Liga
Atlético Madrid
83.3%
German Bundesliga
Borussia Dortmund
82.5%
Spanish Primera Liga
Valencia
81.7%
Spanish Primera Liga
Athletic Bilbao
79.2%
Italian Serie A
A.S. Roma
79.2%
Portuguese P.L.
Porto
79.2%
Dutch Eredivisie
Ajax
79.2%
Portuguese P.L.
Sporting C.P.
78.3%
Italian Serie A
S.S. Lazio
77.5%
English Premier League
Sunderland
76.7%
Portuguese P.L.
S.L. Benfica
76.7%
Dutch Eredivisie
P.S.V. Eindhoven
76.7%
English Premier League
Newcastle United
75.8%
German Bundesliga
Schalke 04
75.8%
German Bundesliga
Werder Bremen
75%
Spanish Primera Liga
Sevilla
74.2%
English Premier League
Stoke City
73.3%
German Bundesliga
Bayer 04 Leverkusen
72.5%
French Ligue 1
Olympique Lyonnais
72.5%
English Premier League
Queens Park Rangers
71.7%
English Premier League
Norwich City
70.8%
English Premier League
Wolverhampton Wanderers
70.8%
German Bundesliga
Hamburger SV
70.8%
English Premier League
West Bromwich Albion
70%
German Bundesliga
VfL Wolfsburg
70%
French Ligue 1
Paris Saint-Germain
70%
English Premier League
Swansea City
69.2%
Italian Serie A
Citta di Palermo
69.2%
Dutch Eredivisie
Feyenoord Rotterdam
69.2%
League
Team
% Correct
English Premier League
Blackburn Rovers
68.3%
English Premier League
Wigan Athletic
68.3%
Italian Serie A
S.S.C. Napoli
68.3%
Spanish Primera Liga
Real Mallorca
67.5%
Spanish Primera Liga
Villarreal
67.5%
Italian Serie A
ACF Fiorentina
67.5%
English Premier League
Bolton Wanderers
66.7%
French Ligue 1
Olympique de Marseille
66.7%
Italian Serie A
Udinese
64.2%
Spanish Primera Liga
Málaga
63.3%
Spanish Primera Liga
Real Betis
63.3%
Spanish Primera Liga
Real Sociedad
63.3%
Dutch Eredivisie
AZ
60.8%
Spanish Primera Liga
Getafe
60%
Spanish Primera Liga
Levante UD
60%
German Bundesliga
VfB Stuttgart
59.2%
Dutch Eredivisie
F.C. Twente
59.2%
German Bundesliga
1. FC Koln
58.3%
German Bundesliga
Hannover 96
57.5%
Portuguese P.L.
Sporting de Braga
57.5%
French Ligue 1
FC Girondins de Bordeaux
57.5%
Spanish Primera Liga
RCD Espanyol
55.8%
Italian Serie A
Parma
55.8%
Italian Serie A
Bologna F.C. 1909
54.2%
German Bundesliga
Hertha BSC
54.2%
French Ligue 1
LOSC Lille Métropole
54.2%
Spanish Primera Liga
Real Zaragoza
53.3%
Italian Serie A
Genoa
53.3%
Spanish Primera Liga
Osasuna
50.8%
Spanish Primera Liga
Sporting de Gijón
50%
Italian Serie A
Cagliari
50%
Italian Serie A
Chievo Verona
50%
German Bundesliga
1899 Hoffenheim
48.3%
French Ligue 1
Montpellier H.S.C.
48.3%
Spanish Primera Liga
Racing Santander
47.5%
Italian Serie A
Atalanta B.C.
46.7%
Spanish Primera Liga
Rayo Vallecano
45.8%
Dutch Eredivisie
ADO Den Haag
44.2%
Dutch Eredivisie
S.C. Heerenveen
44.2%
German Bundesliga
1. FC Kaiserslautern
43.3%
French Ligue 1
A.J. Auxerre
43.3%
Dutch Eredivisie
NAC Breda
43.3%
German Bundesliga
1. FSV Mainz 05
42.5%
French Ligue 1
Stade Rennais F.C.
42.5%
League
Team
% Correct
Dutch Eredivisie
Groningen
42.5%
Italian Serie A
U.S. Lecce
39.2%
German Bundesliga
SC Freiburg
39.2%
Italian Serie A
Catania
38.3%
Italian Serie A
A.C. Cesena
38.3%
Dutch Eredivisie
S.B.V. Vitesse
38.3%
Spanish Primera Liga
Granada
35.8%
Italian Serie A
A.C. Siena
35.8%
Dutch Eredivisie
VVV-Venlo
35.8%
Dutch Eredivisie
F.C. Utrecht
35%
Dutch Eredivisie
Roda J.C.
35%
Dutch Eredivisie
N.E.C. Nijmegen
34.2%
French Ligue 1
A.S. Nancy-Lorraine
32.5%
French Ligue 1
Toulouse
32.5%
French Ligue 1
Stade Brestois 29
30.8%
French Ligue 1
O.G.C. Nice
30.8%
French Ligue 1
A.S. Saint-Étienne Loir
30.8%
French Ligue 1
A.C. Ajaccio
30%
Dutch Eredivisie
Heracles Almelo
27.5%
Italian Serie A
Novara
26.7%
French Ligue 1
S.M. Caen
25.8%
French Ligue 1
F.C. Sochaux-Montbéliard
25.8%
Dutch Eredivisie
R.K.C. Waalwijk
25.8%
Portuguese P.L.
Associação Académica de Coimbra
25%
Dutch Eredivisie
S.B.V. Excelsior
25%
German Bundesliga
Borussia Mönchengladbach
24.2%
Dutch Eredivisie
De Graafschap
24.2%
French Ligue 1
F.C. Lorient-Bretagne Sud
22.5%
French Ligue 1
Valenciennes
22.5%
German Bundesliga
1. FC Nuremburg
20.8%
Portuguese P.L.
C.D. Nacional
20.8%
Portuguese P.L.
C.S. Marítimo
20%
German Bundesliga
FC Augsburg
18.3%
Portuguese P.L.
Rio Ave
18.3%
French Ligue 1
Dijon F.C.O.
18.3%
French Ligue 1
Evian Thonon Gaillard F.C
15.8%
Portuguese P.L.
Paços de Ferreira
15%
Portuguese P.L.
S.C. Beira-Mar
12.5%
Portuguese P.L.
S.C. Olhanense
11.7%
Portuguese P.L.
U.D. Leiria
8.3%
Portuguese P.L.
Gil Vicente F.C.
7.5%
Portuguese P.L.
Vitória S.C.
5.8%
Portuguese P.L.
Vitória F.C.
5.8%
Portuguese P.L.
C.D. Feirense
4.2%
Quiz Playlist
Details
Report
Send in Message
Add To Playlist
Classic:
Type in answers that appear in a list
Last Updated: Feb 16, 2017
Quiz Scoreboard
CHALLENGE
Sign Up to Join the Scoreboard
Show All
Scores
Hide
Comments
May contain spoilers
Recently Published
Decade Duel: World Leaders
by jenniferyan
History
4m
Alphabetical 'K' Countries by Flag Minefield
by ylime102
Geography
3m
Pick 6: Fruits
by JohnFran
Miscellaneous
15s
More to Explore
Quiz From the Vault
Featured Blog Post
15 Basketball Trivia Facts You Can Be March Mad About
hide this ad
You Might Also Like...
Tags
Football Quiz
Premier League Quiz
Soccer Quiz
bundesliga
Eredivisie
La Liga
Primera Liga
Serie A
UEFA
Today's Top Quizzes in Sports
Browse Sports
hide this ad
Today's Top Quizzes in Football
Browse Football
Top Contributed Quizzes in Sports
1
Les joueurs à 100 buts en Ligue 1 Uber Eats
2
Pick 6: NFL Teams
3
2022 World Cup Stars
4
MLB 2 truths and a lie: Hall of Fame pitchers
5
Pick 6: Minor League Baseball
6
Millionaire: NBA Finals Edition
7
Click the 1998 NBA Draft
8
Criteria MLB: Left Handed Sluggers
9
Pick 6: Olympics
10
Pick 6: NFL WRs
Explore More
Trending Topics
Harry Potter
Kpop
Crossword
Anime
Marvel
NBA
Disney
The Office
Country
Puzzle
WWE
NFL
Pokémon
Song
Soccer
hide this ad
More By:
WarbieBFC
Quiz
Plays
Rating
Category
Featured
Created
UEFA Football League Teams 2011-12
120
3.60
Sports
Apr 9, 2012
Go to Creator's Profile
Score Distribution
Quiz Creator Spotlight
WarbieBFC
Follow
Send a Message
Quizzes Created
-
Created Quiz Play Count
-
More By This Creator
Popular Quizzes Today
1
Countries of Asia Without Outlines Minefield
2
Find the US States - No Outlines Minefield
3
Pick 6: Fruits
4
Alphabetical 'K' Countries by Flag Minefield
5
The Countries of the World
6
Find the Countries of Europe - No Outlines Minefield
7
Find the US States
8
US States
More Sports Quizzes
2022-2023 NFL Fantasy Week 1 Top 10 (PPR)
Curator's Pick
Trending Quizzes
Pick 6: Mountains
Pick 6: Harry Potter
Pick 6: Flags
Pick 6: NFL Teams
Pick 6: Movie Franchises
Recently Updated
Adaptations: Name the Title
pecheneg
NWSL Teams
pecheneg
Women's Final Four Teams by Year
bhenderson79
Presidents Quartet II
eogle
Anything But Clue(do)
eogle
Anything But Oceanian Capitals
eogle
Anything But 7
eogle
Anything But Thing
eogle
Word Ladder: February 29
pecheneg
Song Title Questions
pecheneg
Trending Topics
NBA
Kpop
Disney
Harry Potter
Marvel
Anime
Crossword
WWE
Puzzle
Soccer
NFL
Song
Country
The Office
Pokémon
Your Account Isn't Verified!
In order to create a playlist on Sporcle, you need to verify the email address you used during registration. Go to your
Sporcle Settings
to finish the process.
Report this User
Report this user for behavior that violates our
Community Guidelines
.
Details:
Send Report
Go to the Sporcle.com Mobile Site →
Comments